South African cities: guess the province - Statistics

General Stats
  • This quiz has been taken 44 times
  • The average score is 6 of 9
Answer Stats
Hint Answer % Correct
Bloemfontein Free State
83%
Cape Town Western Cape
83%
KwaNxamalala KwaZulu-Natal
76%
Polokwane Limpopo
63%
Mbombela (Nelspruit) Mpumalanga
61%
Kimberley Northern Cape
61%
Bhisho Eastern Cape
49%
Krugersdorp Gauteng
49%
Rustenburg North West
46%
No matching quizzes found
Score Distribution
Percent of People with Each Score
Percentile by Number Answered
Your Score History
You have not taken this quiz